İkinci yüzyıla çağrı sonuç bildirgesi : (Record no. 15448)

MARC details
000 -LEADER
fixed length control field 00879nam a22002417a 4500
003 - CONTROL NUMBER IDENTIFIER
control field MIRAKIL
005 - DATE AND TIME OF LATEST TRANSACTION
control field 20240220120822.0
008 - FIXED-LENGTH DATA ELEMENTS--GENERAL INFORMATION
fixed length control field 240220b tu ||||| |||| 00| 0 tur d
040 ## - CATALOGING SOURCE
Original cataloging agency TR-AnCHP
Transcribing agency TR-AnCHP
041 ## - LANGUAGE CODE
Language code of text/sound track or separate title tur
082 ## - DEWEY DECIMAL CLASSIFICATION NUMBER
Classification number CHP 324.23072
Item number C36i 2022
090 ## - LOCALLY ASSIGNED LC-TYPE CALL NUMBER (OCLC); LOCAL CALL NUMBER (RLIN)
Classification number (OCLC) (R) ; Classification number, CALL (RLIN) (NR) BROŞÜR 627
110 ## - MAIN ENTRY--CORPORATE NAME
Corporate name or jurisdiction name as entry element Cumhuriyet Halk Partisi (CHP)
222 ## - KEY TITLE
Key title Bildirgeler
245 ## - TITLE STATEMENT
Title İkinci yüzyıla çağrı sonuç bildirgesi :
Remainder of title 3 Aralık 2022 /
Statement of responsibility, etc. CHP.
260 ## - PUBLICATION, DISTRIBUTION, ETC.
Place of publication, distribution, etc. Ankara
Name of publisher, distributor, etc. CHP
Date of publication, distribution, etc. 2020
300 ## - PHYSICAL DESCRIPTION
Extent 35 S. ;
Dimensions 21 cm.
440 ## - SERIES STATEMENT/ADDED ENTRY--TITLE
9 (RLIN) 7571
Title Cumhuriyet Halk Partisi yayınları
Name of part/section of a work Bildirgeler
610 #0 - SUBJECT ADDED ENTRY--CORPORATE NAME
9 (RLIN) 5196
Corporate name or jurisdiction name as entry element Cumhuriyet Halk Partisi (CHP)
General subdivision Propaganda ve ideolojiler
Chronological subdivision Bildirgeler
610 #0 - SUBJECT ADDED ENTRY--CORPORATE NAME
9 (RLIN) 5196
Corporate name or jurisdiction name as entry element Cumhuriyet Halk Partisi (CHP)
General subdivision Kurultaylar, 2022
Chronological subdivision Bildirgeler
856 ## - ELECTRONIC LOCATION AND ACCESS
Public note Dijital Nüshası için Partimizin Kütüphane Sorumlusu ile iletişime geçiniz.
942 ## - ADDED ENTRY ELEMENTS (KOHA)
Source of classification or shelving scheme Dewey Decimal Classification
Koha item type Books
Holdings
Withdrawn status Lost status Source of classification or shelving scheme Damaged status Not for loan Home library Current library Date acquired Total Checkouts Full call number Barcode Date last seen Price effective from Koha item type
    Dewey Decimal Classification     CHP Kütüphanesi CHP Kütüphanesi 02/20/2024   BROŞÜR 628 21080 02/20/2024 02/20/2024 Books